Cities by suburb: UK 3 - Statistics

General Stats
  • This quiz has been taken 33 times
  • The average score is 5 of 13
Answer Stats
Hint Answer % Correct
Cosham, Fratton, Paulsgrove, Tipner Portsmouth
79%
Lower Earley, Emmer Green, Purley on Thames Reading
76%
Mutley, Egg Buckland, Camels Head, St Budeaux Plymouth
66%
Pokesdown, Wallisdown, Lilliput, Bearwood Bournemouth
45%
Shantallow, Brandywell, Caw, The Collon Londonderry
34%
Mount Pleasant, Cross Heath, Sneyd Green, Dresden Stoke-on-Trent
34%
Plains Farm, Witherwack, Humbledon Hill, Marley Pots Sunderland
34%
Rhosrobin, Stansty, Garden Village, Coed-Y-Glyn Wrexham
34%
Acklam, Brambles Farm, Cargo Fleet, Tollesby Middlesbrough
31%
Hawkhead, Gallowhill, Shortroods, Foxbar Paisley
10%
Bellozanne, Five Oaks, Bagot, St Saviour St Helier
7%
Halfway Pond, Snug Harbour, Coconut Village George Town
3%
Long Bush, Horse Path, Steep Hill, John's Hole Road Town
3%
No matching quizzes found
Score Distribution
Percent of People with Each Score
Percentile by Number Answered
Your Score History
You have not taken this quiz